Inovačné stimuly na zrýchlenie rozvoja slovenskej ekonomiky
Inovácie sú predpokladom prosperity a spoločenskej dynamiky. Investície do inovácií sú nevyhnutnosťou pre spoločnosť, priemysel a urbanizáciu. Takto získané znalosti pôsobia ako efektívny nástroj v boji proti kríze. Slovenská ekonomika a problémy našej spoločnosti. Výskum a vývoj pre európske a glob...
Gespeichert in:
| 1. Verfasser: | |
|---|---|
| Weitere Verfasser: | |
| Format: | Buchkapitel |
| Sprache: | Slowakisch |
| Schlagworte: | |
| Tags: |
Keine Tags, Fügen Sie das erste Tag hinzu!
|
MARC
| LEADER | 00000naa$a2200000$$$4500 | ||
|---|---|---|---|
| 001 | 0104699 | ||
| 005 | 20240502072141.0 | ||
| 041 | 0 | |a slo | |
| 044 | |a SK | ||
| 245 | 1 | 0 | |a Inovačné stimuly na zrýchlenie rozvoja slovenskej ekonomiky |c Rudolf Sivák, Koloman Ivanička |
| 520 | |a Inovácie sú predpokladom prosperity a spoločenskej dynamiky. Investície do inovácií sú nevyhnutnosťou pre spoločnosť, priemysel a urbanizáciu. Takto získané znalosti pôsobia ako efektívny nástroj v boji proti kríze. Slovenská ekonomika a problémy našej spoločnosti. Výskum a vývoj pre európske a globálne štúdie. Eurokomisár Ján Figeľ poukazuje na klasickú múdrosť " Tempora mutantur et nos mutamur in illis," časy sa menia a my sa meníme s nimi. | ||
| 610 | 2 | 0 | |a inovácia |
| 610 | 2 | 0 | |a pokrok |
| 610 | 2 | 0 | |a investície |
| 610 | 2 | 0 | |a Slovensko |
| 610 | 2 | 0 | |a globalizácia |
| 610 | 2 | 0 | |a vynálezy |
| 610 | 2 | 0 | |a tvorivosť vedecká |
| 610 | 2 | 0 | |a rozvoj sociálno-ekonomický |
| 610 | 2 | 0 | |a prosperita ekonomická |
| 100 | 1 | |a Sivák, Rudolf, 1955- | |
| 700 | 1 | |a Ivanička, Koloman | |